| 000 | 00522nam a22001577a 4500 | ||
|---|---|---|---|
| 008 | 171205b xxu||||| |||| 00| 0 eng d | ||
| 020 | _a9789966257994 | ||
| 050 | _aAFR PL 8704 .I75 2016 | ||
| 100 | _aIribe Mwangi, PI | ||
| 245 |
_aMiali ya ushairi : _bshule za upili na vyuo vya elimu/ _cPI Iribe Mwangi and Kevin Wamalwa |
||
| 260 |
_aNairobi: _bE.A.E.P., _c2016. |
||
| 300 | _a166p. ;22cm | ||
| 650 | _aUshairi | ||
| 700 | _aWamalwa, Kevin | ||
| 942 |
_2lcc _cAFRICANA _hAFR PL 8704 .I75 2016 _011 |
||
| 999 |
_c29374 _d29374 |
||